000
00334 a2200157 4500
001
180051
020
_a
040
_c
Magnum
100
_a
Cavalcante, Betania Uchoa
240
1
0
_a
O magico retorno
_l
por
245
1
0
_a
O magico retorno
362
0
_a
1899
440
1
_a
Nova Fronteira
697
_a
MAGNITO: J/GERAL
942
_c
BK
999
_c
180051
_d
180051